Environmental and industrial safety/ (Record no. 152494)
[ view plain ]
| 000 -LEADER | |
|---|---|
| fixed length control field | 00669nam a22002297a 4500 |
| 003 - CONTROL NUMBER IDENTIFIER | |
| control field | dpl |
| 005 - DATE AND TIME OF LATEST TRANSACTION | |
| control field | 20180601144634.0 |
| 008 - FIXED-LENGTH DATA ELEMENTS--GENERAL INFORMATION | |
| fixed length control field | 180601b xxu||||| |||| 00| 0 eng d |
| 010 ## - LIBRARY OF CONGRESS CONTROL NUMBER | |
| LC control number | A-722217 |
| 020 ## - INTERNATIONAL STANDARD BOOK NUMBER | |
| International Standard Book Number | 8185004153 |
| Terms of availability | 695.00 |
| 035 ## - SYSTEM CONTROL NUMBER | |
| System control number | A-722217 |
| 037 ## - SOURCE OF ACQUISITION | |
| Source of stock number/acquisition | BPPD/PUB |
| 040 ## - CATALOGING SOURCE | |
| Transcribing agency | 0 |
| 082 14 - DEWEY DECIMAL CLASSIFICATION NUMBER | |
| Classification number | 363.11 |
| 100 1# - MAIN ENTRY--PERSONAL NAME | |
| Personal name | Hommadi, A. H |
| 245 1# - TITLE STATEMENT | |
| Title | Environmental and industrial safety/ |
| Statement of responsibility, etc | by A. H. Hommadi |
| 260 ## - PUBLICATION, DISTRIBUTION, ETC. (IMPRINT) | |
| Place of publication, distribution, etc | New Delhi |
| Name of publisher, distributor, etc | Indian Bibliographies Bureau |
| Date of publication, distribution, etc | 1989 |
| 270 ## - ADDRESS | |
| Address | 2153/2 Fountain |
| City | New Delhi |
| Postal code | 110006 |
| 300 ## - PHYSICAL DESCRIPTION | |
| Extent | ix, 400 p. |
| Dimensions | 21cm. (Hb.) |
| 500 ## - GENERAL NOTE | |
| General note | Includes index |
| 942 ## - ADDED ENTRY ELEMENTS (KOHA) | |
| Institution code [OBSOLETE] | dpl |
| Koha item type | English Books |
| Call number prefix | 363.11 / HOM |
| Source of classification or shelving scheme | Dewey Decimal Classification |
| Classification part | 363.11 |
| Call number suffix | HOM |
| Withdrawn status | Lost status | Source of classification or shelving scheme | Damaged status | Not for loan | Collection code | Home library | Current library | Date acquired | Source of acquisition | Cost, normal purchase price | Total Checkouts | Full call number | Barcode | Date last seen | Cost, replacement price | Price effective from | Koha item type |
|---|---|---|---|---|---|---|---|---|---|---|---|---|---|---|---|---|---|
| Dewey Decimal Classification | Non-fiction | Shahdara Branch | Shahdara Branch | 01/06/2018 | BPPD/PUB | 0.00 | 363.11 HOM | A-722217 | 01/06/2018 | 0.00 | 01/06/2018 | English Books |
